| 000 | 00502nam a22001817a 4500 | ||
|---|---|---|---|
| 003 | OSt | ||
| 005 | 20220602044847.0 | ||
| 008 | 151021s9999 xx 000 0 und d | ||
| 020 | _a9966442057 | ||
| 040 |
_cMMU _aMMU _beng _dMMU |
||
| 050 | _aKSK 68 .H32 1986 | ||
| 100 | _aTudor, Jackson. | ||
| 245 |
_aThe Law of Kenya : _bAn Introduction Cases and Statutes/ _cJackson Tudor. |
||
| 260 |
_aNairobi : _bKLB, _c1986. |
||
| 300 | _axxiv, 482 p. : | ||
| 650 | _aLaws of Kenya | ||
| 942 |
_2lcc _cSHORTLOAN |
||
| 999 |
_c15272 _d15272 |
||